BHAVAPRAKASA OF BHAVAMISHRA (Record no. 8620)

MARC details
000 -LEADER
fixed length control field 00287nam a22001337a 4500
003 - CONTROL NUMBER IDENTIFIER
control field SGT
082 ## - DEWEY DECIMAL CLASSIFICATION NUMBER
Classification number 615.538
Item number B14S
100 ## - MAIN ENTRY--PERSONAL NAME
Personal name SITARAM,BULUSU
245 ## - TITLE STATEMENT
Title BHAVAPRAKASA OF BHAVAMISHRA
260 ## - PUBLICATION, DISTRIBUTION, ETC. (IMPRINT)
Place of publication, distribution, etc VARANASI
Name of publisher, distributor, etc CHAUKHAMBHA
Year of Publication 2014
300 ## - PAGE DESCRIPTION
No. of Pages 770
650 ## - SUBJECT ADDED ENTRY--TOPICAL TERM
Topical term or geographic name as entry element AYURVEDA
942 ## - ADDED ENTRY ELEMENTS (KOHA)
Source of classification or shelving scheme Dewey Decimal Classification
Koha item type Books
Holdings
Withdrawn status Lost status Source of classification or shelving scheme Damaged status Not for loan Collection code Home library Current library Shelving location Date acquired Vendor Name Cost, normal purchase price Volume Information (Serial or Books or Non-Book Material) SGTU Bill Number Total Checkouts Full call number Accession No. (Barcode) Date last seen Bill Date Koha item type Date last borrowed
    Dewey Decimal Classification     AYURVEDA SGT FA-FP Library SGT FA-FP Library Text Book 26/03/2016 CHAUKHAMBHA 2014.00 2 SGTU CP/B/776   615.538 B14S FA4543 26/03/2016 05/01/2016 Books  
    Dewey Decimal Classification     AYURVEDA SGT FA-FP Library SGT FA-FP Library Text Book 26/03/2016 CHAUKHAMBHA 2014.00 2 SGTU CP/B/776 3 615.538 B14S FA4544 09/12/2020 05/01/2016 Books 05/12/2020
    Dewey Decimal Classification     AYURVEDA SGT FA-FP Library SGT FA-FP Library Text Book 26/03/2016 CHAUKHAMBHA 2014.00 2 SGTU CP/B/776 1 615.538 B14S FA4545 11/01/2018 05/01/2016 Books 08/01/2018